ARRUPE JESUIT UNIVERSITY

CORONAVIRUS -STOP THE SPREAD - CLEAN,DISINFECT,COVER

Pluralisms and horizons : (Record no. 119946)

MARC details
000 -LEADER
fixed length control field 01094cam a2200337 a 4500
001 - CONTROL NUMBER
control field 4480360
003 - CONTROL NUMBER IDENTIFIER
control field ARRUPE
005 - DATE AND TIME OF LATEST TRANSACTION
control field 20140205124107.0
008 - FIXED-LENGTH DATA ELEMENTS--GENERAL INFORMATION
fixed length control field 930428s1993 miu b 001 0 eng
010 ## - LIBRARY OF CONGRESS CONTROL NUMBER
LC control number 92021465
020 ## - INTERNATIONAL STANDARD BOOK NUMBER
International Standard Book Number 0802806589 (pbk.) :
035 ## - SYSTEM CONTROL NUMBER
System control number (OCoLC)26762738
035 ## - SYSTEM CONTROL NUMBER
System control number (OCoLC)ocm26762738
035 ## - SYSTEM CONTROL NUMBER
System control number (NNC)4480360
040 ## - CATALOGING SOURCE
Original cataloging agency DLC
Transcribing agency DLC
Modifying agency DLC
-- NNUT
050 00 - LIBRARY OF CONGRESS CALL NUMBER
Classification number BT738
Item number .G727 1993
090 ## - LOCALLY ASSIGNED LC-TYPE CALL NUMBER (OCLC); LOCAL CALL NUMBER (OCLC)
Classification number (OCLC) (R) ; Classification number, CALL (RLIN) (NR) BT738
Local cutter number (OCLC) ; Book number/undivided call number, CALL (RLIN) .G727 1993
300 ## - PHYSICAL DESCRIPTION
Dimensions 22 cm.
100 1# - MAIN ENTRY--PERSONAL NAME
Personal name Mouw, Richard J.
9 (RLIN) 7970
245 10 - TITLE STATEMENT
Title Pluralisms and horizons :
Remainder of title an essay in Christian public philosophy /
Statement of responsibility, etc Richard J. Mouw and Sander Griffioen.
260 ## - PUBLICATION, DISTRIBUTION, ETC. (IMPRINT)
Place of publication, distribution, etc Grand Rapids, Mich. :
Name of publisher, distributor, etc W.B. Eerdmans,
Date of publication, distribution, etc c1993.
300 ## - PHYSICAL DESCRIPTION
Extent viii, 183 p. ;
500 ## - GENERAL NOTE
General note Cover title: Pluralism & horizons.
504 ## - BIBLIOGRAPHY, ETC. NOTE
Bibliography, etc Includes bibliographical references and index.
650 #0 - SUBJECT ADDED ENTRY--TOPICAL TERM
Topical term or geographic name as entry element Christian sociology.
9 (RLIN) 7971
650 #0 - SUBJECT ADDED ENTRY--TOPICAL TERM
Topical term or geographic name as entry element Cultural pluralism.
9 (RLIN) 7972
650 #0 - SUBJECT ADDED ENTRY--TOPICAL TERM
Topical term or geographic name as entry element Christian ethics
General subdivision Reformed authors.
9 (RLIN) 7973
700 1# - ADDED ENTRY--PERSONAL NAME
Personal name Griffioen, S.,
Dates associated with a name 1941-
9 (RLIN) 7974
740 0# - ADDED ENTRY--UNCONTROLLED RELATED/ANALYTICAL TITLE
Uncontrolled related/analytical title Pluralism & horizons.
942 ## - ADDED ENTRY ELEMENTS (KOHA)
Source of classification or shelving scheme Library of Congress Classification
Koha item type Monograph ( Printed materials)
Holdings
Withdrawn status Lost status Source of classification or shelving scheme Damaged status Not for loan Collection code Home library Current library Shelving location Date acquired Total Checkouts Full call number Barcode Date last seen Price effective from Koha item type
    Library of Congress Classification     Main Collection ARRUPE LIBRARY ARRUPE LIBRARY Main Collection 05/02/2014   BT738 .G727 1993 46411924 11/01/2017 05/02/2014 Monograph ( Printed materials)

 

Arrupe Library. PO Box MP320 Mt Pleasant, Harare, Zimbabwe
263 242 745411|librarian@aju.ac.zw